000 00599nam a2200229Ia 4500
003 OSt
005 20221002050933.0
006 a|||||r|||| 00| 0
007 ta
008 220930b |||||||| |||| 00| 0 eng d
024 _a21402
037 _cReference Collections
040 _aCRL
_cCRL
_beng
041 _2eng
_aeng
082 _aAk1,N9, N5 ( RR )
245 0 _aEncyclopedia of science in action
260 _aLondon
_bDuncan
_c1995
300 _a288p
_ccm.
650 _aSCIENCE
942 _hAk1,N9, N5 ( RR )
_cref
_2CC
999 _c915641
_d915641